[Event "High League 2022 women"]
[Site "Obninsk"]
[Date "2022.07.04"]
[Round "8.15"]
[White "Nur-Mukhametova, Alisa"]
[Black "Volchkova, Alena"]
[Result "1/2-1/2"]
[LiveChessVersion "1.4.7"]
[BlackElo "1823"]
[WhiteElo "2172"]

1. d4 {[%clk 1:30:52]} Nf6 {[%clk 1:30:50]} 2. c4 {[%clk 1:31:17]} e6
{[%clk 1:31:14]} 3. Nf3 {[%clk 1:31:29]} c5 {[%clk 1:31:32]} 4. d5
{[%clk 1:31:10]} exd5 {[%clk 1:31:50]} 5. cxd5 {[%clk 1:31:34]} d6
{[%clk 1:32:05]} 6. Nc3 {[%clk 1:31:57]} g6 {[%clk 1:32:25]} 7. Bf4
{[%clk 1:31:59]} Bg7 {[%clk 1:27:41]} 8. Qa4+ {[%clk 1:31:37]} Bd7
{[%clk 1:26:26]} 9. Qb3 {[%clk 1:32:05]} Qc7 {[%clk 1:25:18]} 10. e3
{[%clk 1:31:12]} O-O {[%clk 1:24:26]} 11. Be2 {[%clk 1:28:06]} Re8
{[%clk 1:19:46]} 12. Nd2 {[%clk 1:24:53]} Na6 {[%clk 1:05:49]} 13. O-O
{[%clk 1:21:40]} Rab8 {[%clk 1:04:07]} 14. Nc4 {[%clk 1:04:10]} Bf8
{[%clk 1:03:46]} 15. a4 {[%clk 1:02:18]} Nb4 {[%clk 1:02:11]} 16. Rfd1
{[%clk 0:57:01]} b6 {[%clk 1:00:00]} 17. Bf3 {[%clk 0:37:14]} a6 {[%clk 0:53:37]}
18. e4 {[%clk 0:34:59]} b5 {[%clk 0:52:36]} 19. axb5 {[%clk 0:35:14]} axb5
{[%clk 0:53:00]} 20. Ne3 {[%clk 0:33:32]} Nd3 {[%clk 0:44:36]} 21. Rxd3
{[%clk 0:19:47]} c4 {[%clk 0:45:00]} 22. Nxb5 {[%clk 0:19:56]} Bxb5
{[%clk 0:43:43]} 23. Qc2 {[%clk 0:19:51]} Nxe4 {[%clk 0:36:32]} 24. Rda3
{[%clk 0:11:14]} f5 {[%clk 0:27:32]} 25. Rc1 {[%clk 0:11:02]} Qc5
{[%clk 0:26:23]} 26. g4 {[%clk 0:06:57]} Qd4 {[%clk 0:14:49]} 27. Rd1
{[%clk 0:06:37]} Nd2 {[%clk 0:14:30]} 28. Ng2 {[%clk 0:05:21]} Nxf3+
{[%clk 0:11:32]} 29. Rxf3 {[%clk 0:05:40]} Qe4 {[%clk 0:11:20]} 30. Qxe4
{[%clk 0:04:27]} fxe4 {[%clk 0:08:07]} 31. Ra3 {[%clk 0:04:23]} Bg7
{[%clk 0:05:52]} 32. Ra2 {[%clk 0:01:21]} Rb6 {[%clk 0:04:36]} 33. Ne3
{[%clk 0:00:37]} Rf8 {[%clk 0:03:28]} 34. Bg3 {[%clk 0:00:44]} Rc8
{[%clk 0:03:42]} 35. Rc1 {[%clk 0:00:42]} Bd4 {[%clk 0:03:25]} 36. Bf4
{[%clk 0:00:33]} Rf8 {[%clk 0:01:39]} 37. Bh6 {[%clk 0:00:54]} Rc8
{[%clk 0:01:45]} 38. Nc2 {[%clk 0:00:53]} Be5 {[%clk 0:01:16]} 39. Be3
{[%clk 0:00:53]} Rb7 {[%clk 0:00:58]} 40. Bd4 {[%clk 0:30:35]} Bxd4
{[%clk 0:30:49]} 41. Nxd4 {[%clk 0:30:46]} Bd7 {[%clk 0:29:43]} 42. h3
{[%clk 0:29:56]} Rc5 {[%clk 0:28:30]} 43. Re1 {[%clk 0:23:37]} Rxd5
{[%clk 0:23:21]} 44. Rxe4 {[%clk 0:23:36]} Kf7 {[%clk 0:21:55]} 45. Ra8
{[%clk 0:15:07]} Re5 {[%clk 0:13:15]} 46. Rf4+ {[%clk 0:03:54]} Ke7
{[%clk 0:12:47]} 47. Rh8 h5 {[%clk 0:10:24]} 48. Rh7+ {[%clk 0:02:22]} Kd8
{[%clk 0:10:14]} 49. Rf8+ {[%clk 0:02:16]} Kc7 {[%clk 0:09:39]} 50. Rff7
{[%clk 0:02:44]} Kc8 {[%clk 0:09:32]} 51. Rf6 {[%clk 0:02:04]} hxg4
{[%clk 0:08:44]} 52. hxg4 {[%clk 0:01:53]} Rxb2 {[%clk 0:07:42]} 53. Rxd6
{[%clk 0:01:37]} Bxg4 {[%clk 0:05:52]} 54. Nc6 {[%clk 0:01:11]} Re8
{[%clk 0:05:45]} 55. Na7+ {[%clk 0:01:08]} Kb8 {[%clk 0:06:04]} 56. Nc6+
{[%clk 0:01:11]} Kc8 {[%clk 0:06:31]} 57. Na7+ {[%clk 0:01:15]} Kb8
{[%clk 0:06:58]} 58. Nc6+ {[%clk 0:01:45]} Kc8 {[%clk 0:07:13]} 59. Rd4
{[%clk 0:01:39]} Bf3 {[%clk 0:06:16]} 60. Rxc4 {[%clk 0:00:32]} Rb1+
{[%clk 0:06:15]} 61. Kh2 {[%clk 0:00:59]} Rh1+ {[%clk 0:06:28]} 62. Kg3
{[%clk 0:01:29]} Rxh7 {[%clk 0:06:42]} 63. Nd4+ {[%clk 0:00:49]} Kd7
{[%clk 0:06:44]} 64. Nxf3 {[%clk 0:01:09]} Rh5 {[%clk 0:05:50]} 65. Rg4
{[%clk 0:00:57]} Re6 {[%clk 0:05:40]} 66. Nh4 {[%clk 0:00:41]} 1/2-1/2

[Event "High League 2022 women"]
[Site "Obninsk"]
[Date "2022.07.04"]
[Round "8.16"]
[White "Satanovskaia, Evgeniia"]
[Black "Miroshnik, Ekaterina"]
[Result "0-1"]
[LiveChessVersion "1.4.7"]
[BlackElo "2169"]
[WhiteElo "1837"]

1. d4 {[%clk 1:30:58]} e6 {[%clk 1:30:49]} 2. Nf3 {[%clk 1:31:04]} Nf6
{[%clk 1:30:35]} 3. e3 {[%clk 1:31:07]} b6 {[%clk 1:30:32]} 4. b3
{[%clk 1:26:22]} Bb7 {[%clk 1:30:12]} 5. Bb2 {[%clk 1:26:22]} d5 {[%clk 1:24:08]}
6. Bd3 {[%clk 1:25:01]} Bd6 {[%clk 1:24:32]} 7. O-O {[%clk 1:25:20]} O-O
{[%clk 1:24:58]} 8. c4 {[%clk 1:24:35]} c5 {[%clk 1:21:56]} 9. Nbd2
{[%clk 1:21:22]} Nc6 {[%clk 1:20:15]} 10. Qe2 {[%clk 1:18:07]} cxd4
{[%clk 1:17:50]} 11. exd4 {[%clk 1:17:38]} Nb4 {[%clk 1:16:29]} 12. Bb1
{[%clk 1:14:17]} Rc8 {[%clk 1:13:48]} 13. a3 {[%clk 1:10:40]} Nc6
{[%clk 1:13:49]} 14. Ne5 {[%clk 1:07:02]} Ne7 {[%clk 1:11:41]} 15. Bd3
{[%clk 1:00:00]} Ng6 {[%clk 1:05:52]} 16. f4 {[%clk 0:52:36]} Nh4
{[%clk 0:39:13]} 17. g3 {[%clk 0:48:05]} Nf5 {[%clk 0:28:12]} 18. g4
{[%clk 0:41:29]} dxc4 {[%clk 0:25:03]} 19. bxc4 {[%clk 0:29:04]} Bxe5
{[%clk 0:10:17]} 20. fxe5 {[%clk 0:26:09]} Nxd4 {[%clk 0:10:00]} 21. Qe3
{[%clk 0:18:10]} Nxg4 {[%clk 0:10:18]} 22. Qxd4 {[%clk 0:15:28]} Qg5
{[%clk 0:07:52]} 23. Nf3 {[%clk 0:00:32]} Bxf3 {[%clk 0:04:03]} 24. Rxf3
{[%clk 0:00:32]} Rcd8 {[%clk 0:02:28]} 25. Qf4 {[%clk 0:00:36]} Nxe5+
{[%clk 0:02:09]} 26. Qxg5 Nxf3+ {[%clk 0:02:34]} 27. Kf2 {[%clk 0:00:32]} Nxg5
{[%clk 0:02:58]} 28. Ke3 {[%clk 0:00:34]} e5 {[%clk 0:02:28]} 29. h4
{[%clk 0:00:38]} Ne6 {[%clk 0:02:17]} 30. h5 {[%clk 0:00:35]} Nf4
{[%clk 0:02:01]} 31. Be4 {[%clk 0:00:32]} Nxh5 {[%clk 0:02:05]} 32. Rg1
{[%clk 0:00:44]} g6 {[%clk 0:01:45]} 33. Bd5 {[%clk 0:00:36]} Nf4
{[%clk 0:02:08]} 0-1

[Event "High League 2022 women"]
[Site "Obninsk"]
[Date "2022.07.04"]
[Round "8.17"]
[White "Kirchei, Viktoriia"]
[Black "Pogorelskikh, Sofia"]
[Result "0-1"]
[LiveChessVersion "1.4.7"]
[BlackElo "2138"]
[WhiteElo "2159"]

1. e4 {[%clk 1:30:57]} c5 {[%clk 1:30:52]} 2. Nf3 {[%clk 1:31:20]} Nc6
{[%clk 1:31:13]} 3. Bb5 {[%clk 1:31:37]} g6 {[%clk 1:31:30]} 4. Bxc6
{[%clk 1:32:01]} bxc6 {[%clk 1:31:52]} 5. O-O {[%clk 1:32:12]} Bg7
{[%clk 1:31:58]} 6. Re1 {[%clk 1:32:24]} Qc7 {[%clk 1:31:42]} 7. c3
{[%clk 1:29:58]} d6 {[%clk 1:31:29]} 8. h3 {[%clk 1:28:34]} Nf6 {[%clk 1:31:14]}
9. d4 {[%clk 1:27:04]} cxd4 {[%clk 1:31:24]} 10. cxd4 {[%clk 1:27:04]} O-O
{[%clk 1:31:15]} 11. Nc3 {[%clk 1:26:21]} c5 {[%clk 1:29:53]} 12. dxc5
{[%clk 1:17:38]} Qxc5 {[%clk 1:24:41]} 13. Be3 {[%clk 1:16:07]} Qb4
{[%clk 1:21:24]} 14. Qd2 {[%clk 1:09:32]} a5 {[%clk 1:14:28]} 15. Nd4
{[%clk 1:04:29]} Bd7 {[%clk 1:09:47]} 16. f3 {[%clk 1:00:53]} Rfd8
{[%clk 0:57:12]} 17. Rab1 {[%clk 0:57:59]} Qb7 {[%clk 0:53:08]} 18. a3
{[%clk 0:55:07]} e5 {[%clk 0:48:44]} 19. Nde2 {[%clk 0:48:41]} Be6
{[%clk 0:38:54]} 20. Bg5 {[%clk 0:47:44]} a4 {[%clk 0:34:49]} 21. Bxf6
{[%clk 0:43:06]} Bxf6 {[%clk 0:35:09]} 22. Nd5 {[%clk 0:43:26]} Bxd5
{[%clk 0:34:47]} 23. exd5 {[%clk 0:43:02]} Rdc8 {[%clk 0:27:51]} 24. Nc3
{[%clk 0:41:54]} Qb6+ {[%clk 0:22:56]} 25. Kh1 {[%clk 0:39:11]} Qd4
{[%clk 0:22:35]} 26. Qe2 {[%clk 0:38:06]} Qc4 {[%clk 0:15:05]} 27. Qxc4
{[%clk 0:36:32]} Rxc4 {[%clk 0:15:29]} 28. Re4 {[%clk 0:36:42]} Rxe4
{[%clk 0:13:23]} 29. fxe4 {[%clk 0:35:23]} Bg5 {[%clk 0:13:07]} 30. Rd1
{[%clk 0:32:08]} Be3 {[%clk 0:11:39]} 31. g4 {[%clk 0:20:50]} Kf8
{[%clk 0:11:15]} 32. Kg2 {[%clk 0:17:40]} Ke7 {[%clk 0:10:51]} 33. Na2
{[%clk 0:13:10]} Rc8 {[%clk 0:05:35]} 34. Kf3 {[%clk 0:10:18]} Bd4
{[%clk 0:05:40]} 35. Rd2 {[%clk 0:10:34]} Rc4 {[%clk 0:04:32]} 36. Nb4
{[%clk 0:09:39]} Kd7 {[%clk 0:02:46]} 37. Nd3 {[%clk 0:06:45]} Bb6
{[%clk 0:01:14]} 38. Nb4 {[%clk 0:04:37]} Ba5 {[%clk 0:00:40]} 39. Rc2
{[%clk 0:05:01]} Rxc2 {[%clk 0:00:41]} 40. Nxc2 {[%clk 0:35:27]} Bd2
{[%clk 0:30:44]} 41. Ne3 {[%clk 0:31:54]} Bxe3 {[%clk 0:21:48]} 42. Kxe3
{[%clk 0:29:08]} f5 {[%clk 0:22:02]} 43. exf5 {[%clk 0:17:15]} gxf5
{[%clk 0:22:24]} 44. Kd3 {[%clk 0:16:09]} f4 {[%clk 0:10:20]} 45. Ke4
{[%clk 0:16:19]} Ke7 {[%clk 0:10:29]} 46. h4 {[%clk 0:12:18]} Kf6
{[%clk 0:09:30]} 47. Kf3 {[%clk 0:12:39]} h5 {[%clk 0:09:10]} 48. g5+
{[%clk 0:10:51]} Kf5 {[%clk 0:09:25]} 49. Kf2 {[%clk 0:10:49]} e4
{[%clk 0:09:43]} 50. Ke2 {[%clk 0:11:13]} Ke5 {[%clk 0:10:04]} 51. Kf2
{[%clk 0:11:27]} Kxd5 {[%clk 0:10:21]} 0-1

[Event "High League 2022 women"]
[Site "Obninsk"]
[Date "2022.07.04"]
[Round "8.18"]
[White "Kuznetsova, Marina"]
[Black "Loskutova, Viktoriya"]
[Result "0-1"]
[LiveChessVersion "1.4.7"]
[BlackElo "2153"]
[WhiteElo "2043"]

1. e4 {[%clk 1:30:58]} c5 {[%clk 1:30:57]} 2. Nc3 {[%clk 1:31:23]} a6
{[%clk 1:30:38]} 3. Nge2 {[%clk 1:31:37]} d6 {[%clk 1:29:55]} 4. d4
{[%clk 1:31:59]} cxd4 {[%clk 1:30:07]} 5. Qxd4 {[%clk 1:32:13]} Nc6
{[%clk 1:29:46]} 6. Qd2 {[%clk 1:32:34]} g6 {[%clk 1:26:31]} 7. b3
{[%clk 1:32:37]} Bh6 {[%clk 1:11:56]} 8. f4 {[%clk 1:32:46]} f5 {[%clk 1:11:21]}
9. Bb2 {[%clk 1:32:38]} Nf6 {[%clk 1:11:45]} 10. O-O-O {[%clk 1:32:22]} fxe4
{[%clk 1:03:08]} 11. h3 {[%clk 1:24:02]} O-O {[%clk 0:59:49]} 12. g4
{[%clk 1:15:55]} Bg7 {[%clk 1:00:16]} 13. Nxe4 {[%clk 1:15:00]} Nxe4
{[%clk 0:53:30]} 14. Qd5+ {[%clk 1:15:16]} e6 {[%clk 0:48:36]} 15. Qxe4
{[%clk 1:15:34]} Bxb2+ {[%clk 0:47:20]} 16. Kxb2 {[%clk 1:15:58]} a5
{[%clk 0:41:43]} 17. a4 {[%clk 1:02:29]} Qf6+ {[%clk 0:29:24]} 18. Kb1
{[%clk 0:58:44]} d5 {[%clk 0:29:11]} 19. Qe3 {[%clk 0:54:11]} Rb8
{[%clk 0:28:24]} 20. Qb6 {[%clk 0:38:27]} Bd7 {[%clk 0:23:46]} 21. Bg2
{[%clk 0:37:39]} Qe7 {[%clk 0:21:09]} 22. Rhf1 {[%clk 0:29:12]} Rfc8
{[%clk 0:17:47]} 23. f5 {[%clk 0:19:12]} Qa3 {[%clk 0:12:49]} 24. Nc1
{[%clk 0:12:38]} Qb4 {[%clk 0:06:48]} 25. Qe3 {[%clk 0:09:16]} exf5
{[%clk 0:06:12]} 26. Bxd5+ {[%clk 0:08:39]} Kh8 {[%clk 0:06:25]} 27. Bxc6
{[%clk 0:02:41]} Bxc6 {[%clk 0:06:49]} 28. Qe5+ {[%clk 0:02:35]} Kg8
{[%clk 0:07:17]} 29. gxf5 {[%clk 0:01:23]} Re8 {[%clk 0:05:37]} 30. Qb2
{[%clk 0:00:34]} Rf8 {[%clk 0:04:28]} 31. fxg6 {[%clk 0:00:37]} hxg6
{[%clk 0:04:52]} 32. Rf6 {[%clk 0:00:36]} Be4 {[%clk 0:03:20]} 33. Rg1
{[%clk 0:00:32]} Bxc2+ {[%clk 0:03:13]} 34. Ka1 {[%clk 0:00:33]} Rxf6
{[%clk 0:02:49]} 35. Qxf6 {[%clk 0:00:58]} Qa3+ {[%clk 0:03:10]} 36. Na2
{[%clk 0:01:25]} Qf8 {[%clk 0:03:03]} 37. Qc3 {[%clk 0:00:35]} Rc8
{[%clk 0:02:53]} 38. Qb2 {[%clk 0:00:34]} Bf5 {[%clk 0:02:44]} 39. Rg2
{[%clk 0:00:33]} Qc5 {[%clk 0:01:21]} 40. h4 {[%clk 0:30:34]} Rd8
{[%clk 0:30:48]} 41. Nc3 {[%clk 0:18:51]} Rd3 {[%clk 0:26:41]} 42. Rc2
{[%clk 0:17:30]} Qd4 {[%clk 0:15:41]} 43. Ka2 {[%clk 0:05:46]} Be6
{[%clk 0:07:03]} 44. Qc1 {[%clk 0:01:18]} Qb4 {[%clk 0:06:04]} 45. Qb2
{[%clk 0:00:43]} b5 {[%clk 0:04:24]} 46. Ka1 {[%clk 0:00:35]} Bxb3
{[%clk 0:02:27]} 47. Rc1 {[%clk 0:00:53]} Bxa4 {[%clk 0:01:55]} 48. Qxb4
{[%clk 0:00:47]} axb4 {[%clk 0:02:21]} 49. Nxa4 {[%clk 0:00:39]} bxa4
{[%clk 0:02:49]} 50. Rc4 {[%clk 0:00:57]} Rb3 {[%clk 0:03:11]} 51. h5
{[%clk 0:00:32]} gxh5 {[%clk 0:03:20]} 52. Rh4 {[%clk 0:00:56]} Rg3
{[%clk 0:01:56]} 53. Rxh5 {[%clk 0:00:38]} a3 {[%clk 0:01:40]} 54. Ra5
{[%clk 0:00:38]} Kf7 {[%clk 0:01:41]} 55. Ra6 {[%clk 0:00:37]} Ke7
{[%clk 0:01:17]} 56. Ka2 {[%clk 0:00:33]} Rg2+ {[%clk 0:01:31]} 57. Ka1
{[%clk 0:00:46]} Kd7 {[%clk 0:01:22]} 58. Rb6 {[%clk 0:00:37]} Rg4
{[%clk 0:01:50]} 59. Ka2 {[%clk 0:00:34]} Kc7 {[%clk 0:02:14]} 60. Ra6
{[%clk 0:00:35]} Rg2+ {[%clk 0:02:11]} 61. Ka1 {[%clk 0:00:44]} Kb7
{[%clk 0:02:11]} 62. Ra4 {[%clk 0:00:36]} Rg4 {[%clk 0:02:33]} 63. Ra5
{[%clk 0:00:35]} Kb6 {[%clk 0:02:59]} 64. Ra8 {[%clk 0:00:55]} Kb5
{[%clk 0:03:22]} 65. Ka2 {[%clk 0:00:34]} Rg2+ {[%clk 0:03:47]} 66. Kb1
{[%clk 0:00:35]} Kc4 {[%clk 0:03:52]} 67. Rh8 {[%clk 0:00:42]} Rb2+
{[%clk 0:02:54]} 68. Ka1 {[%clk 0:00:57]} Rd2 {[%clk 0:03:20]} 69. Kb1
{[%clk 0:00:37]} Kc3 {[%clk 0:02:12]} 70. Rb8 {[%clk 0:00:35]} Kb3
{[%clk 0:02:23]} 71. Kc1 {[%clk 0:00:34]} Rc2+ {[%clk 0:02:49]} 72. Kd1
{[%clk 0:01:00]} a2 {[%clk 0:03:02]} 73. Ra8 {[%clk 0:01:09]} Rb2
{[%clk 0:03:25]} 74. Ra3+ 0-1

[Event "High League 2022 women"]
[Site "Obninsk"]
[Date "2022.07.04"]
[Round "8.19"]
[White "Faizutdinova, Diana"]
[Black "Getman, Tatyana"]
[Result "1-0"]
[LiveChessVersion "1.4.7"]
[BlackElo "2148"]
[WhiteElo "2023"]

1. c4 {[%clk 1:30:57]} e6 {[%clk 1:30:53]} 2. e4 {[%clk 1:31:23]} c5
{[%clk 1:31:16]} 3. Nc3 {[%clk 1:31:45]} Nc6 {[%clk 1:31:37]} 4. Nf3
{[%clk 1:32:08]} Nd4 {[%clk 1:31:27]} 5. d3 {[%clk 1:31:43]} Ne7 {[%clk 1:31:26]}
6. Bg5 {[%clk 1:26:33]} h6 {[%clk 1:30:10]} 7. Bh4 {[%clk 1:25:34]} g5
{[%clk 1:20:21]} 8. Bg3 {[%clk 1:21:37]} Nec6 {[%clk 1:20:02]} 9. Be2
{[%clk 1:03:11]} Be7 {[%clk 1:18:19]} 10. Ne5 {[%clk 0:56:42]} d6
{[%clk 1:10:18]} 11. Nxc6 {[%clk 0:56:52]} Nxc6 {[%clk 1:09:56]} 12. f4
{[%clk 0:51:08]} gxf4 {[%clk 1:05:57]} 13. Bxf4 {[%clk 0:51:20]} Bg5
{[%clk 1:05:08]} 14. O-O {[%clk 0:48:36]} Bxf4 {[%clk 1:01:03]} 15. Rxf4
{[%clk 0:49:03]} Ne5 {[%clk 1:00:52]} 16. d4 {[%clk 0:47:35]} cxd4
{[%clk 0:58:00]} 17. Qxd4 {[%clk 0:47:31]} Qb6 {[%clk 0:57:47]} 18. Rd1
{[%clk 0:36:44]} Ke7 {[%clk 0:57:13]} 19. Nb5 {[%clk 0:35:27]} Ng6
{[%clk 0:48:38]} 20. Rf2 {[%clk 0:34:00]} Qxd4 {[%clk 0:45:57]} 21. Rxd4
{[%clk 0:34:12]} Rd8 {[%clk 0:45:36]} 22. c5 {[%clk 0:30:50]} Bd7
{[%clk 0:33:12]} 23. cxd6+ {[%clk 0:22:30]} Kf8 {[%clk 0:33:37]} 24. Nc7
{[%clk 0:21:12]} Rac8 {[%clk 0:33:30]} 25. Bh5 {[%clk 0:18:58]} Ne5
{[%clk 0:33:09]} 26. Rd1 {[%clk 0:19:02]} Kg7 {[%clk 0:31:20]} 27. Rdf1
{[%clk 0:18:06]} Rf8 {[%clk 0:30:32]} 28. b3 {[%clk 0:17:54]} Rcd8
{[%clk 0:27:07]} 29. Rd2 {[%clk 0:16:44]} Kg8 {[%clk 0:23:47]} 30. a4
{[%clk 0:15:06]} Bc6 {[%clk 0:23:42]} 31. Bf3 {[%clk 0:15:01]} Rd7
{[%clk 0:21:03]} 32. Rfd1 {[%clk 0:12:43]} Rfd8 {[%clk 0:20:49]} 33. Kf2
{[%clk 0:12:46]} Kg7 {[%clk 0:19:58]} 34. Ke3 {[%clk 0:11:48]} Kf6
{[%clk 0:19:19]} 35. h4 {[%clk 0:11:04]} Ng6 {[%clk 0:13:15]} 36. h5
{[%clk 0:11:14]} Ne5 {[%clk 0:11:55]} 37. Kf4 {[%clk 0:10:15]} Rg8
{[%clk 0:11:01]} 38. Be2 {[%clk 0:08:44]} Rdd8 {[%clk 0:10:04]} 39. g4
{[%clk 0:08:38]} a6 {[%clk 0:03:45]} 40. Ra1 {[%clk 0:34:45]} Bd7
{[%clk 0:32:58]} 41. Rf1 {[%clk 0:26:02]} Rg5 {[%clk 0:30:34]} 42. Bd1
{[%clk 0:19:40]} Rdg8 {[%clk 0:27:52]} 43. Ke3+ {[%clk 0:19:08]} Kg7
{[%clk 0:28:15]} 44. Rdf2 {[%clk 0:18:28]} Rd8 {[%clk 0:26:30]} 45. Rg1
{[%clk 0:12:43]} Bc6 {[%clk 0:23:56]} 46. Rd2 {[%clk 0:12:52]} Bxa4
{[%clk 0:23:16]} 47. Kf4 {[%clk 0:02:34]} Bc6 {[%clk 0:22:15]} 48. Be2
{[%clk 0:02:56]} Rg8 {[%clk 0:19:41]} 49. Rg3 {[%clk 0:03:18]} Kf6
{[%clk 0:19:11]} 50. Rd1 {[%clk 0:02:37]} Nd7 {[%clk 0:17:38]} 51. Rf1
{[%clk 0:01:22]} Nc5 {[%clk 0:14:08]} 52. Rc3 {[%clk 0:01:30]} a5
{[%clk 0:09:27]} 53. Ke3+ {[%clk 0:01:35]} Kg7 {[%clk 0:09:45]} 54. Kd4
{[%clk 0:01:17]} Nd7 {[%clk 0:09:40]} 55. Rfc1 {[%clk 0:00:43]} Rd8
{[%clk 0:09:15]} 56. Ke3 {[%clk 0:00:43]} Ne5 {[%clk 0:09:19]} 57. Rd1
{[%clk 0:00:36]} Nxg4+ {[%clk 0:08:25]} 58. Kf4 {[%clk 0:00:49]} Nf6
{[%clk 0:07:58]} 59. Bf3 {[%clk 0:00:32]} Nxh5+ {[%clk 0:07:31]} 60. Ke3
{[%clk 0:00:46]} Nf6 {[%clk 0:07:21]} 61. Na6 {[%clk 0:00:33]} Nxe4
{[%clk 0:06:05]} 62. Rxc6 {[%clk 0:00:41]} bxc6 {[%clk 0:06:16]} 63. Bxe4
{[%clk 0:00:58]} Rb5 {[%clk 0:05:00]} 64. Rd3 {[%clk 0:01:24]} f5
{[%clk 0:04:55]} 65. Bxc6 {[%clk 0:01:30]} Rb6 {[%clk 0:04:12]} 66. Nc5
{[%clk 0:01:56]} Kf7 {[%clk 0:03:41]} 67. Nd7 {[%clk 0:02:14]} Rb4
{[%clk 0:02:24]} 68. Ne5+ {[%clk 0:02:22]} Kf6 {[%clk 0:02:52]} 69. Nc4
{[%clk 0:02:25]} e5 {[%clk 0:02:06]} 70. Ba4 {[%clk 0:02:45]} e4 {[%clk 0:01:48]}
71. Rd1 {[%clk 0:02:12]} h5 {[%clk 0:01:24]} 72. d7 {[%clk 0:02:34]} Rxa4
{[%clk 0:00:32]} 73. bxa4 {[%clk 0:02:56]} Ke7 {[%clk 0:01:01]} 74. Ne5
{[%clk 0:03:13]} Ke6 {[%clk 0:01:08]} 75. Kf4 {[%clk 0:03:36]} h4
{[%clk 0:00:45]} 76. Rh1 {[%clk 0:01:12]} Rh8 {[%clk 0:00:53]} 77. Rh3
{[%clk 0:01:22]} Kf6 {[%clk 0:00:31]} 78. Nc6 {[%clk 0:01:39]} e3
{[%clk 0:00:39]} 79. Kxe3 {[%clk 0:01:36]} Kg5 {[%clk 0:00:57]} 80. Ke4 1-0

[Event "High League 2022 women"]
[Site "Obninsk"]
[Date "2022.07.04"]
[Round "8.20"]
[White "Dryaeva, Lana"]
[Black "Chervyakova, Tatiana"]
[Result "0-1"]
[LiveChessVersion "1.4.7"]
[BlackElo "1641"]
[WhiteElo "1594"]

1. d4 {[%clk 1:30:57]} Nf6 {[%clk 1:30:55]} 2. c4 {[%clk 1:31:23]} c5
{[%clk 1:31:20]} 3. d5 {[%clk 1:31:50]} b5 {[%clk 1:31:44]} 4. cxb5
{[%clk 1:32:15]} a6 {[%clk 1:32:09]} 5. bxa6 {[%clk 1:32:31]} g6 {[%clk 1:32:35]}
6. Nc3 {[%clk 1:32:55]} Bxa6 {[%clk 1:33:00]} 7. e4 {[%clk 1:33:21]} Bxf1
{[%clk 1:33:20]} 8. Kxf1 {[%clk 1:33:46]} d6 {[%clk 1:33:45]} 9. g3
{[%clk 1:33:30]} Bg7 {[%clk 1:34:10]} 10. Kg2 {[%clk 1:32:45]} O-O
{[%clk 1:34:31]} 11. f4 {[%clk 1:31:14]} Nbd7 {[%clk 1:34:02]} 12. Nf3
{[%clk 1:30:08]} Qa5 {[%clk 1:33:23]} 13. Re1 {[%clk 1:12:26]} Rfb8
{[%clk 1:32:25]} 14. h3 {[%clk 0:58:31]} Nb6 {[%clk 1:28:27]} 15. Qd3
{[%clk 0:50:00]} Na4 {[%clk 1:20:24]} 16. Nxa4 {[%clk 0:37:40]} Qxa4
{[%clk 1:20:38]} 17. Nd2 {[%clk 0:24:25]} Nd7 {[%clk 1:16:27]} 18. Rb1
{[%clk 0:20:07]} Qxa2 {[%clk 1:14:54]} 19. b3 {[%clk 0:20:34]} Rb4
{[%clk 1:08:21]} 20. Kh1 {[%clk 0:15:32]} Rab8 {[%clk 0:57:18]} 21. Bb2
{[%clk 0:13:01]} c4 {[%clk 0:52:06]} 22. Nxc4 {[%clk 0:04:41]} Rxb3
{[%clk 0:52:20]} 23. Qc2 {[%clk 0:03:10]} Rc3 {[%clk 0:50:40]} 24. Ra1
{[%clk 0:00:43]} Rxc2 {[%clk 0:50:51]} 25. Rxa2 {[%clk 0:01:09]} Rxc4
{[%clk 0:50:20]} 26. Bxg7 {[%clk 0:01:32]} Kxg7 {[%clk 0:50:47]} 27. Ra7
{[%clk 0:01:57]} Rd8 {[%clk 0:50:10]} 28. e5 {[%clk 0:01:55]} Kf8
{[%clk 0:46:56]} 29. exd6 {[%clk 0:01:12]} exd6 {[%clk 0:47:18]} 30. f5
{[%clk 0:00:41]} Ne5 {[%clk 0:46:50]} 31. fxg6 {[%clk 0:00:38]} hxg6
{[%clk 0:47:08]} 32. Rf1 {[%clk 0:00:33]} Rd4 {[%clk 0:47:17]} 33. Ra5
{[%clk 0:00:58]} Rd3 {[%clk 0:47:42]} 34. Kh2 {[%clk 0:00:39]} Rb8
{[%clk 0:47:59]} 35. h4 {[%clk 0:00:34]} Rbb3 {[%clk 0:48:21]} 36. Ra8+
{[%clk 0:00:34]} Kg7 {[%clk 0:48:39]} 0-1

[Event "High League 2022 women"]
[Site "Obninsk"]
[Date "2022.07.04"]
[Round "8.21"]
[White "Izbekova, Evdokia"]
[Black "Malysheva, Viktoriya"]
[Result "1/2-1/2"]
[LiveChessVersion "1.4.7"]
[BlackElo "1563"]
[WhiteElo "1877"]

1. e4 {[%clk 1:30:59]} g6 {[%clk 1:30:52]} 2. d4 {[%clk 1:31:25]} Bg7
{[%clk 1:31:18]} 3. Nf3 {[%clk 1:31:43]} d6 {[%clk 1:31:38]} 4. Bc4
{[%clk 1:31:49]} Nf6 {[%clk 1:32:00]} 5. Nc3 {[%clk 1:30:41]} O-O
{[%clk 1:32:23]} 6. O-O {[%clk 1:30:48]} Nxe4 {[%clk 1:32:47]} 7. Nxe4
{[%clk 1:26:16]} d5 {[%clk 1:33:10]} 8. Bd3 {[%clk 1:22:41]} dxe4
{[%clk 1:31:42]} 9. Bxe4 {[%clk 1:23:06]} Nd7 {[%clk 1:31:23]} 10. c3
{[%clk 1:21:47]} c5 {[%clk 1:30:15]} 11. dxc5 {[%clk 1:20:01]} Nxc5
{[%clk 1:30:28]} 12. Bc2 {[%clk 1:19:51]} Qc7 {[%clk 1:28:30]} 13. Be3
{[%clk 1:14:55]} b6 {[%clk 1:26:34]} 14. Ng5 {[%clk 0:50:00]} Bb7
{[%clk 1:23:27]} 15. Qg4 {[%clk 0:45:00]} h6 {[%clk 1:20:56]} 16. Nf3
{[%clk 0:41:17]} a5 {[%clk 1:08:53]} 17. Rfe1 {[%clk 0:39:26]} e5
{[%clk 1:05:25]} 18. Rad1 {[%clk 0:33:01]} Rfd8 {[%clk 1:01:45]} 19. Qc4
{[%clk 0:25:14]} e4 {[%clk 0:38:30]} 20. Nd4 {[%clk 0:17:35]} Bd5
{[%clk 0:32:34]} 21. Qe2 {[%clk 0:15:47]} f5 {[%clk 0:31:46]} 22. Nb5
{[%clk 0:13:30]} Qf7 {[%clk 0:31:39]} 23. Rxd5 {[%clk 0:12:54]} Qxd5
{[%clk 0:28:38]} 24. Nc7 {[%clk 0:13:05]} Qc6 {[%clk 0:25:35]} 25. Nxa8
{[%clk 0:13:25]} Rxa8 {[%clk 0:25:15]} 26. Qc4+ {[%clk 0:13:17]} Kh7
{[%clk 0:24:54]} 27. b4 {[%clk 0:12:57]} Qe6 {[%clk 0:24:53]} 28. Qxe6
{[%clk 0:12:54]} Nxe6 {[%clk 0:25:17]} 29. Bb3 {[%clk 0:10:36]} Nf8
{[%clk 0:24:08]} 30. Bxb6 {[%clk 0:10:25]} Bxc3 {[%clk 0:24:03]} 31. Rc1
{[%clk 0:10:50]} axb4 {[%clk 0:24:20]} 32. Rd1 {[%clk 0:09:48]} Rc8
{[%clk 0:21:10]} 33. Bd8 {[%clk 0:05:52]} g5 {[%clk 0:20:03]} 34. Kf1
{[%clk 0:05:55]} Ra8 {[%clk 0:18:08]} 35. Bc7 {[%clk 0:02:30]} Ra7
{[%clk 0:18:11]} 36. Bd6 {[%clk 0:02:22]} Ng6 {[%clk 0:18:04]} 37. Rd5
{[%clk 0:00:38]} Rd7 {[%clk 0:16:25]} 38. Bc5 {[%clk 0:00:51]} Rxd5
{[%clk 0:16:17]} 39. Bxd5 {[%clk 0:01:18]} Nf4 {[%clk 0:16:29]} 40. Bc6
{[%clk 0:31:23]} Nd3 {[%clk 0:46:09]} 41. Be3 {[%clk 0:29:24]} Kg7
{[%clk 0:45:36]} 42. Bb7 {[%clk 0:24:21]} Kf6 {[%clk 0:44:16]} 43. g4
{[%clk 0:23:59]} f4 {[%clk 0:40:23]} 44. Bxe4 {[%clk 0:23:43]} Ne5
{[%clk 0:40:33]} 45. Bc5 {[%clk 0:19:46]} Nxg4 {[%clk 0:40:40]} 46. h3
{[%clk 0:19:31]} Ne5 {[%clk 0:40:55]} 47. f3 {[%clk 0:18:04]} Nc4
{[%clk 0:38:01]} 48. Ke2 {[%clk 0:11:47]} Nd2 49. Bd4+ Bxd4 {[%clk 0:36:14]} 50.
Kxd2 {[%clk 0:12:13]} 1/2-1/2